| 000 | 00629nam a2200217Ia 4500 | ||
|---|---|---|---|
| 003 | OSt | ||
| 005 | 20241109103735.0 | ||
| 008 | 210210b2002 xxu||||| |||| 00| 0 eng d | ||
| 040 | _cAL | ||
| 041 | _aEnglish | ||
| 082 | _a915.48704 NANM | ||
| 100 |
_aNANDAVARA (Vamana) _9183302 |
||
| 245 | _aMangalore visitors hand book (with tourist map) | ||
| 260 |
_aMangalore. _bKrithi Publications., _c2002 |
||
| 300 | _a119 | ||
| 650 |
_aMangalore Travel Guide Dakshina Kannada, South Kanara, Udupi _9183303 |
||
| 650 |
_aSouth Kanara /South Canara _9184759 |
||
| 690 |
_aGeography _9183304 |
||
| 906 | _a057332 | ||
| 942 |
_2ddc _cBK |
||
| 999 |
_c104579 _d104579 |
||